000 00322nam a2200109Ia 4500
008 230907s9999||||xx |||||||||||||| ||und||
082 _a363.11
_bMAN
100 _aManuele, Fred A.,
_9115345
245 0 _aAdvanced safety management focusing on Z10 and serious injury prevention /
300 _axv, 528 pages :
942 _cBK
999 _c598193
_d598193